Gelagat organisasi / (Record no. 3055)
[ view plain ]
| 000 -LEADER | |
|---|---|
| fixed length control field | nam a22 a 4500 |
| 003 - CONTROL NUMBER IDENTIFIER | |
| control field | AKMAL |
| 005 - DATE AND TIME OF LATEST TRANSACTION | |
| control field | 20170519103727.0 |
| 008 - FIXED-LENGTH DATA ELEMENTS--GENERAL INFORMATION | |
| fixed length control field | 170519s2000 my 00 may d |
| 020 ## - INTERNATIONAL STANDARD BOOK NUMBER | |
| International Standard Book Number | 9839236342 (pbk.): |
| Terms of availability | RM28.90 |
| 040 ## - CATALOGING SOURCE | |
| Original cataloging agency | AKMAL |
| 082 04 - DEWEY DECIMAL CLASSIFICATION NUMBER | |
| Classification number | 658.3 ROB |
| Edition number | 21 |
| 090 00 - LOCALLY ASSIGNED LC-TYPE CALL NUMBER (OCLC); LOCAL CALL NUMBER (RLIN) | |
| Classification number (OCLC) (R) ; Classification number, CALL (RLIN) (NR) | 658.3 |
| Local cutter number (OCLC) ; Book number/undivided call number, CALL (RLIN) | ROB |
| 100 1# - MAIN ENTRY--PERSONAL NAME | |
| Personal name | Robbins, Stephen P., |
| Dates associated with a name | 1943- |
| 9 (RLIN) | 5921 |
| 245 10 - TITLE STATEMENT | |
| Title | Gelagat organisasi / |
| Statement of responsibility, etc. | Stephen P. Robbins ; penterjemah Abdul Razak Ibrahim, Ainin Sulaiman |
| 250 ## - EDITION STATEMENT | |
| Edition statement | Ed. ke 8 |
| 260 ## - PUBLICATION, DISTRIBUTION, ETC. | |
| Place of publication, distribution, etc. | Petaling Jaya : |
| Name of publisher, distributor, etc. | Prentice Hall, |
| Date of publication, distribution, etc. | 2000 |
| 300 00 - PHYSICAL DESCRIPTION | |
| Extent | 1v. (various pagings) : |
| Other physical details | il. ; |
| Dimensions | 30cm |
| 500 ## - GENERAL NOTE | |
| General note | Mengandungi indeks |
| 650 #0 - SUBJECT ADDED ENTRY--TOPICAL TERM | |
| Topical term or geographic name entry element | Organizational behavior |
| 9 (RLIN) | 565 |
| 650 #0 - SUBJECT ADDED ENTRY--TOPICAL TERM | |
| Topical term or geographic name entry element | Organizational effectiveness |
| 9 (RLIN) | 566 |
| 650 #0 - SUBJECT ADDED ENTRY--TOPICAL TERM | |
| Topical term or geographic name entry element | Supervision of employees |
| 9 (RLIN) | 5850 |
| 650 #0 - SUBJECT ADDED ENTRY--TOPICAL TERM | |
| Topical term or geographic name entry element | Personnel management |
| 9 (RLIN) | 602 |
| 700 0# - ADDED ENTRY--PERSONAL NAME | |
| Personal name | Abdul Razak Ibrahim |
| 9 (RLIN) | 6359 |
| 700 0# - ADDED ENTRY--PERSONAL NAME | |
| Personal name | Ainin Sulaiman |
| 9 (RLIN) | 6360 |
| 942 ## - ADDED ENTRY ELEMENTS (KOHA) | |
| Source of classification or shelving scheme | |
| Koha item type | Book |
| Withdrawn status | Lost status | Source of classification or shelving scheme | Damaged status | Not for loan | Collection code | Home library | Current library | Shelving location | Date acquired | Inventory number | Total Checkouts | Full call number | Barcode | Date last seen | Price effective from | Koha item type |
|---|---|---|---|---|---|---|---|---|---|---|---|---|---|---|---|---|
| NON-FICTION | AKMAL Melaka | AKMAL Melaka | PINJAMAN | 19.05.2017 | 602174 | 658.3 ROB | 201703909 | 19.05.2017 | 19.05.2017 | Book |
